[Event "Crewe Alexandra op"]
[Site "Crewe Alexandra"]
[Date "2025.06.27"]
[Round "3"]
[White "Cook, Michael Antony"]
[Black "Jackson, Oliver A"]
[Result "1-0"]
[WhiteElo "1911"]
[BlackElo "2054"]
[PlyCount "60"]
[EventDate "2025.06.27"]
[EventType "swiss"]
[EventRounds "5"]
[EventCountry "ENG"]
[SourceTitle "CB27_2025"]
[SourceDate "2025.07.02"]
[SourceVersion "1"]
[SourceVersionDate "2025.07.02"]
[SourceQuality "1"]

1. e4 c5 2. Nf3 e6 3. c3 Nf6 4. e5 Nd5 5. d4 cxd4 6. cxd4 Bb4+ 7. Nbd2 0-0 8. a3 Bxd2+ 9. Bxd2 b6 10. Bd3 f6 11. 0-0 Ba6 12. Bxa6 Nxa6 13. Qe2 Nac7 14. Rfc1 a5 15. b4 axb4 16. Bxb4 Nxb4 17. axb4 Nd5 18. b5 Qe7 19. exf6 gxf6 20. g3 Ra3 21. Nh4 Rfa8 22. Rxa3 Qxa3 23. Qg4+ Kh8 24. Re1 Qb4 25. Qe2 Qxd4 26. Qf3 Qb4 27. Rd1 Qxb5 28. Nf5 Qa4 29. Rd4 Qc6 30. h4 Ne7 1-0

[Event "ENG-ch Seniors 65"]
[Site "Kenilworth"]
[Date "2025.04.25"]
[Round "3"]
[White "Jackson, Oliver A"]
[Black "Baker, Chris W"]
[Result "1/2-1/2"]
[WhiteElo "2035"]
[BlackElo "2151"]
[PlyCount "39"]
[EventDate "2025.04.24"]
[EventType "swiss"]
[EventRounds "7"]
[EventCountry "ENG"]
[SourceTitle "CB18_2025"]
[SourceDate "2025.04.30"]
[SourceVersion "1"]
[SourceVersionDate "2025.04.30"]
[SourceQuality "1"]

1. e4 Nf6 2. Nc3 d5 3. e5 d4 4. Nce2 Ne4 5. d3 Nc5 6. f4 Nc6 7. Ng3 g6 8. Nf3 h5 9. Ne4 Nxe4 10. dxe4 Bg4 11. Bb5 Qd7 12. Qxd4 Nxd4 13. Bxd7+ Bxd7 14. Nxd4 c5 15. Ne2 Bc6 16. Nc3 0-0-0 17. Be3 e6 18. a4 b6 19. 0-0 Be7 20. Rfd1 1/2-1/2

[Event "ENG-ch Seniors 65"]
[Site "Kenilworth"]
[Date "2025.04.24"]
[Round "1"]
[White "Jackson, Oliver A"]
[Black "Hawkins, James Nick"]
[Result "1-0"]
[WhiteElo "2035"]
[BlackElo "1931"]
[PlyCount "39"]
[EventDate "2025.04.24"]
[EventType "swiss"]
[EventRounds "7"]
[EventCountry "ENG"]
[SourceTitle "CB18_2025"]
[SourceDate "2025.04.30"]
[SourceVersion "1"]
[SourceVersionDate "2025.04.30"]
[SourceQuality "1"]

1. e4 e5 2. f4 Bc5 3. Nf3 d6 4. Nc3 Nc6 5. Na4 Nf6 6. Nxc5 dxc5 7. fxe5 Ng4 8. Bb5 Bd7 9. Bxc6 Bxc6 10. d3 Qe7 11. Bf4 0-0-0 12. h3 Nh6 13. Bg5 Qe6 14. Bxd8 Rxd8 15. Qe2 f5 16. exf6 Qxf6 17. 0-0-0 Re8 18. Qe3 b6 19. Qg5 Qe6 20. Kb1 1-0

[Event "BCF-ch Seniors 65"]
[Site "Hull"]
[Date "2024.08.03"]
[Round "6"]
[White "Burnett, Jim"]
[Black "Jackson, Oliver A"]
[Result "1/2-1/2"]
[WhiteElo "2039"]
[BlackElo "2075"]
[PlyCount "75"]
[EventDate "2024.07.29"]
[EventType "swiss"]
[EventRounds "7"]
[EventCountry "ENG"]
[SourceTitle "CBM 221 Extra"]
[Source "ChessBase"]
[SourceDate "2024.09.30"]
[SourceVersion "1"]
[SourceVersionDate "2024.09.30"]
[SourceQuality "1"]

1. d4 Nf6 2. c4 c5 3. Nf3 cxd4 4. Nxd4 e5 5. Nb5 d5 6. cxd5 Bc5 7. N5c3 0-0 8. e3 e4 9. Be2 Qe7 10. a3 a6 11. b4 Bd6 12. Bb2 Bf5 13. Nd2 Nbd7 14. Nb3 Ne5 15. Nd4 Bg4 16. 0-0 Rfe8 17. Nxe4 Nxe4 18. Bxg4 Qh4 19. h3 g6 20. f4 Qg3 21. Bf3 Nc4 22. Ne2 Qh4 23. Qd4 Nxb2 24. Bxe4 b5 25. Bd3 Qe7 26. Rf3 Nxd3 27. Qxd3 a5 28. Rb1 axb4 29. axb4 Bxb4 30. Qxb5 Bc5 31. Nd4 Ra3 32. Rb3 Ra1+ 33. Rf1 Rxf1+ 34. Qxf1 Bxd4 35. exd4 Qe4 36. Rd3 Qxd5 37. Kh2 Re4 38. Qf3 1/2-1/2

[Event "BCF-ch Seniors 65"]
[Site "Hull"]
[Date "2024.07.29"]
[Round "1"]
[White "Jackson, Oliver A"]
[Black "Vickery, Jim"]
[Result "1/2-1/2"]
[WhiteElo "2075"]
[BlackElo "1923"]
[PlyCount "81"]
[EventDate "2024.07.29"]
[EventType "swiss"]
[EventRounds "7"]
[EventCountry "ENG"]
[SourceTitle "CBM 221 Extra"]
[Source "ChessBase"]
[SourceDate "2024.09.30"]
[SourceVersion "1"]
[SourceVersionDate "2024.09.30"]
[SourceQuality "1"]

1. e4 Nf6 2. Nc3 e5 3. Bc4 Nc6 4. d3 Bb4 5. Bd2 Na5 6. Qe2 d6 7. 0-0-0 Bg4 8. f3 Nxc4 9. dxc4 Be6 10. g4 Nd7 11. Nd5 Bxd2+ 12. Qxd2 Bxd5 13. Qxd5 Qc8 14. Ne2 Nb6 15. Qd3 Qe6 16. b3 0-0-0 17. a4 Nd7 18. Nc3 Qh6+ 19. Kb1 Nc5 20. Qe2 c6 21. a5 Ne6 22. Qf2 Kb8 23. Rd2 Rd7 24. Rhd1 Rhd8 25. Ne2 Qf6 26. h4 h6 27. b4 Nf4 28. Nc1 Qe6 29. Qf1 d5 30. Nb3 dxc4 31. Nc5 Rxd2 32. Rxd2 Qe7 33. Rxd8+ Qxd8 34. Qxc4 Qe7 35. b5 Ne6 36. Nxe6 Qxe6 37. Qxe6 fxe6 38. bxc6 bxc6 39. Kb2 Kb7 40. Kc3 c5 41. Kb3 1/2-1/2

[Event "EU-chT Seniors 50"]
[Site "Terme Catez"]
[Date "2024.05.09"]
[Round "3.2"]
[White "Jackson, Oliver A"]
[Black "Motuz, Karol"]
[Result "0-1"]
[WhiteElo "2069"]
[BlackElo "2299"]
[PlyCount "62"]
[EventDate "2024.05.07"]
[EventType "team-swiss"]
[EventRounds "9"]
[EventCountry "SLO"]
[SourceTitle "CBM 220 Extra"]
[Source "ChessBase"]
[SourceDate "2024.07.31"]
[SourceVersion "1"]
[SourceVersionDate "2024.07.31"]
[SourceQuality "1"]
[WhiteTeam "England 50 III"]
[BlackTeam "Slovakia 50"]
[WhiteTeamCountry "ENG"]
[BlackTeamCountry "SVK"]

1. e4 e6 2. d4 d5 3. Nc3 Nf6 4. e5 Nfd7 5. f4 c5 6. Nf3 Nc6 7. Bd3 cxd4 8. Ne2 Bc5 9. 0-0 0-0 10. Qe1 f6 11. Qh4 g6 12. Qg3 Qe7 13. Bd2 Qg7 14. Rae1 fxe5 15. fxe5 Ndxe5 16. Nxe5 Rxf1+ 17. Rxf1 Nxe5 18. Bg5 Bd6 19. Bf6 Qc7 20. Nxd4 Nxd3 21. Qxd3 Bxh2+ 22. Kh1 Bd7 23. Qh3 Be5 24. Qe3 Bxf6 25. Rxf6 e5 26. Qg3 Kg7 27. Re6 Kf7 28. Qf2+ Kg8 29. Re7 Rf8 30. Qh4 Rf1+ 31. Kh2 exd4+ 0-1

[Event "Blackpool op 47th"]
[Site "Blackpool"]
[Date "2024.02.11"]
[Round "4"]
[White "Nastase, Andreea Cristina"]
[Black "Jackson, Oliver A"]
[Result "0-1"]
[WhiteElo "2043"]
[BlackElo "2069"]
[PlyCount "82"]
[EventDate "2024.02.09"]
[EventType "swiss"]
[EventRounds "5"]
[EventCountry "ENG"]
[SourceTitle "CBM 218 Extra"]
[Source "ChessBase"]
[SourceDate "2024.03.31"]
[SourceVersion "1"]
[SourceVersionDate "2024.03.31"]
[SourceQuality "1"]

1. d4 Nf6 2. c4 c5 3. d5 b5 4. cxb5 a6 5. bxa6 g6 6. Nc3 Bxa6 7. e4 Bxf1 8. Kxf1 d6 9. Nge2 Bg7 10. g3 h5 11. h4 Nbd7 12. Kg2 Qb6 13. Rb1 0-0 14. Bg5 Ne5 15. Nc1 c4 16. Be3 Qb7 17. b3 Nfg4 18. Bd4 Qc8 19. f3 Nd3 20. fxg4 Bxd4 21. Nxd3 cxd3 22. Na4 Qc2+ 23. Qxc2 dxc2 24. Rbc1 Rac8 25. Kf3 hxg4+ 26. Ke2 f5 27. Kd3 Bf2 28. Nc3 Bxg3 29. Ne2 Be5 30. exf5 gxf5 31. Rhg1 Rc5 32. Rxc2 Rxd5+ 33. Ke3 Bf6 34. Nf4 Rd4 35. Ng6 Re4+ 36. Kd3 Ra8 37. Rgg2 Ra5 38. Rc8+ Kg7 39. h5 Rd4+ 40. Ke3 Rad5 41. Re2 f4+ 0-1

[Event "Blackpool op 47th"]
[Site "Blackpool"]
[Date "2024.02.10"]
[Round "3"]
[White "Jackson, Oliver A"]
[Black "Hamer, Martyn"]
[Result "0-1"]
[WhiteElo "2069"]
[BlackElo "2055"]
[PlyCount "58"]
[EventDate "2024.02.09"]
[EventType "swiss"]
[EventRounds "5"]
[EventCountry "ENG"]
[SourceTitle "CBM 218 Extra"]
[Source "ChessBase"]
[SourceDate "2024.03.31"]
[SourceVersion "1"]
[SourceVersionDate "2024.03.31"]
[SourceQuality "1"]

1. e4 e5 2. f4 exf4 3. Nf3 Nf6 4. e5 Nh5 5. d4 d6 6. Bc4 Nc6 7. Qe2 dxe5 8. d5 Na5 9. Nxe5 Qh4+ 10. Kd1 Be7 11. Nf3 Qf6 12. Bd3 0-0 13. Bd2 b6 14. Bc3 Qd6 15. Qe4 f5 16. Qe2 Bf6 17. Ne5 g6 18. Nd2 Re8 19. Re1 Kg7 20. b4 Nb7 21. Bc4 a5 22. b5 Nc5 23. a4 Bb7 24. Kc1 Bxd5 25. Kb2 Rad8 26. Bb3 Ne4 27. Nxe4 fxe4 28. Bxd5 Bxe5 29. Bb3 Bxc3+ 0-1

[Event "Douglas Major & Minor op"]
[Site "Douglas"]
[Date "2023.11.03"]
[Round "7"]
[White "Slade, Robin"]
[Black "Jackson, Oliver A"]
[Result "0-1"]
[WhiteElo "1960"]
[BlackElo "2072"]
[PlyCount "82"]
[EventDate "2023.10.28"]
[EventType "swiss"]
[EventRounds "7"]
[EventCountry "IOM"]
[SourceTitle "CBM 217 Extra"]
[Source "ChessBase"]
[SourceDate "2024.01.31"]
[SourceVersion "1"]
[SourceVersionDate "2024.01.31"]
[SourceQuality "1"]

1. e4 c5 2. b4 cxb4 3. d4 d5 4. exd5 Qxd5 5. c4 Qd6 6. Nf3 g6 7. Be3 Bg7 8. Nbd2 Nf6 9. Qb3 0-0 10. c5 Qc7 11. Bc4 Nc6 12. 0-0 a5 13. a4 e6 14. Bd3 Bd7 15. Nc4 Nd5 16. Nd6 Nce7 17. Bd2 Bc6 18. Ne5 b6 19. f4 Rad8 20. Rac1 Ba8 21. Nb5 Qb7 22. Be4 bxc5 23. Rxc5 f6 24. Nd3 Kh8 25. Bf3 Nf5 26. Re1 Qb6 27. Qc4 Bb7 28. Be4 Nd6 29. Nxd6 Rxd6 30. Qb5 f5 31. Ne5 fxe4 32. Qxb6 Nxb6 33. Rc7 Bd5 34. Nf7+ Rxf7 35. Rxf7 Bxd4+ 36. Kh1 Nc4 37. Rc1 Rc6 38. Be1 b3 39. Rd1 b2 40. Rb7 Rb6 41. Rxb6 Nxb6 0-1

[Event "ENG-ch Seniors 65"]
[Site "Milton Keynes"]
[Date "2021.10.05"]
[Round "2"]
[White "Scowen, Roger S"]
[Black "Jackson, Oliver A"]
[Result "0-1"]
[WhiteElo "1885"]
[BlackElo "2112"]
[PlyCount "60"]
[EventDate "2021.10.04"]
[EventType "swiss"]
[EventRounds "7"]
[EventCountry "ENG"]
[SourceTitle "EXT 2023"]
[Source "ChessBase"]
[SourceDate "2022.10.05"]
[SourceVersion "1"]
[SourceVersionDate "2022.10.05"]
[SourceQuality "1"]

1. e4 c5 2. Nf3 e6 3. d4 cxd4 4. Nxd4 a6 5. c4 Nf6 6. f3 Qc7 7. Nc3 Nc6 8. Be3 Ne5 9. Qb3 d6 10. Be2 Be7 11. 0-0 0-0 12. Rac1 Bd7 13. Rfd1 Kh8 14. h3 Rae8 15. f4 Ng6 16. g4 h6 17. g5 hxg5 18. fxg5 Nh7 19. Nf3 Nxg5 20. Nxg5 Bxg5 21. Bxg5 Qc5+ 22. Kh1 Qxg5 23. Qxb7 Ne5 24. Qa7 f5 25. Qg1 Qh4 26. Rxd6 fxe4 27. Rf1 Bc6 28. Rxe6 Qxh3+ 29. Qh2 Rxf1+ 30. Bxf1 Qxh2+ 0-1

[Event "Benidorm op U2300 18th"]
[Site "Benidorm"]
[Date "2019.12.04"]
[Round "7"]
[White "Zohaib Hassan, Mohamed"]
[Black "Jackson, Oliver A"]
[Result "1-0"]
[WhiteElo "2282"]
[BlackElo "2150"]
[PlyCount "91"]
[EventDate "2019.11.29"]
[EventType "swiss"]
[EventRounds "10"]
[EventCountry "ESP"]
[SourceTitle "EXT 2022"]
[Source "ChessBase"]
[SourceDate "2021.10.06"]
[SourceVersion "1"]
[SourceVersionDate "2021.10.06"]
[SourceQuality "1"]

1. d4 Nf6 2. c4 c5 3. Nf3 cxd4 4. Nxd4 e5 5. Nb5 d5 6. cxd5 Bc5 7. e3 0-0 8. N5c3 Qe7 9. Be2 Nbd7 10. e4 Bd4 11. 0-0 Nc5 12. Qc2 Bd7 13. Bg5 Rac8 14. a4 a6 15. a5 Rc7 16. Nd2 h6 17. Nc4 Rcc8 18. d6 Qe6 19. Bxf6 Bxc3 20. Be7 Bd4 21. Bxf8 Kxf8 22. Ra3 Bc6 23. Nb6 Bxe4 24. Qd1 Rd8 25. b4 Nd7 26. Bf3 Nf6 27. Bxe4 Nxe4 28. Qc2 Nxd6 29. Qc7 Ke8 30. Rd3 Nb5 31. Qc2 Bxb6 32. axb6 Rxd3 33. Qxd3 Qxb6 34. Qd5 Nd4 35. Qxe5+ Ne6 36. Rb1 Qc6 37. h3 Ke7 38. Re1 Qd6 39. Qe4 Qb6 40. g3 Qb5 41. Rc1 Qb6 42. h4 h5 43. Rc8 g6 44. Rb8 Qd6 45. Rxb7+ Kf6 46. Qf3+ 1-0

[Event "Benidorm op U2300 18th"]
[Site "Benidorm"]
[Date "2019.12.03"]
[Round "5"]
[White "Gavarrete, Nahun"]
[Black "Jackson, Oliver A"]
[Result "1/2-1/2"]
[WhiteElo "2300"]
[BlackElo "2150"]
[PlyCount "39"]
[EventDate "2019.11.29"]
[EventType "swiss"]
[EventRounds "10"]
[EventCountry "ESP"]
[SourceTitle "EXT 2022"]
[Source "ChessBase"]
[SourceDate "2021.10.06"]
[SourceVersion "1"]
[SourceVersionDate "2021.10.06"]
[SourceQuality "1"]

1. e4 c5 2. Nf3 e6 3. d4 cxd4 4. Nxd4 a6 5. Bd3 Nf6 6. Nc3 Qc7 7. 0-0 b5 8. Re1 Nc6 9. Nxc6 Qxc6 10. Qf3 Bb7 11. Nd5 Nxd5 12. exd5 Qxd5 13. Be4 Qe5 14. Bf4 Bxe4 15. Rxe4 Qd5 16. Rd1 Qc6 17. a4 Be7 18. Be5 f6 19. Bd6 Rc8 20. Bxe7 1/2-1/2

[Event "GBR-ch 50+ 106th"]
[Site "Torquay"]
[Date "2019.08.03"]
[Round "6.1"]
[White "Josse, Mark"]
[Black "Jackson, Oliver A"]
[Result "0-1"]
[WhiteElo "2209"]
[BlackElo "2151"]
[PlyCount "68"]
[EventDate "2019.07.29"]
[EventType "swiss"]
[EventRounds "7"]
[EventCountry "ENG"]
[SourceTitle "EXT 2021"]
[Source "ChessBase"]
[SourceDate "2020.10.23"]
[SourceVersion "1"]
[SourceVersionDate "2020.10.23"]
[SourceQuality "1"]

1. c4 e5 2. Nc3 Nc6 3. Nf3 g6 4. d4 exd4 5. Nxd4 Bg7 6. Nxc6 bxc6 7. e3 Ne7 8. Be2 0-0 9. 0-0 Rb8 10. Qd2 Nf5 11. b3 d5 12. Rd1 Be6 13. cxd5 cxd5 14. Ba3 Re8 15. Bc5 c6 16. Rac1 Qc7 17. Bf1 Nh4 18. Bd4 Be5 19. Bxe5 Qxe5 20. Ne2 Qg5 21. Kh1 Bg4 22. Re1 Nf3 23. Qa5 Nxe1 24. Rxe1 Bxe2 25. Bxe2 Qf6 26. Kg1 d4 27. Qxa7 dxe3 28. fxe3 Ra8 29. Qd7 Qc3 30. Rf1 Qxe3+ 31. Rf2 Ra7 32. Qxc6 Rxa2 33. Qc4 Re7 34. Qc8+ Kg7 0-1

[Event "GBR-ch 50+ 106th"]
[Site "Torquay"]
[Date "2019.07.30"]
[Round "2"]
[White "Clark, Ian C"]
[Black "Jackson, Oliver A"]
[Result "1/2-1/2"]
[WhiteElo "1965"]
[BlackElo "2151"]
[PlyCount "62"]
[EventDate "2019.07.29"]
[EventType "swiss"]
[EventRounds "7"]
[EventCountry "ENG"]
[SourceTitle "EXT 2020"]
[Source "ChessBase"]
[SourceDate "2019.10.17"]
[SourceVersion "1"]
[SourceVersionDate "2019.10.17"]
[SourceQuality "1"]

1. e4 c5 2. Nf3 e6 3. Nc3 a6 4. d4 cxd4 5. Nxd4 Qc7 6. Be2 Nf6 7. a3 Nc6 8. Nxc6 dxc6 9. 0-0 h5 10. f4 e5 11. Kh1 Bc5 12. f5 Bd7 13. Bg5 0-0-0 14. Qe1 Rdg8 15. Bc4 Be8 16. Rd1 Bd4 17. Rf3 Ng4 18. Ne2 b5 19. Ba2 f6 20. Bxg8 fxg5 21. Be6+ Kb7 22. Nxd4 exd4 23. Qg1 c5 24. Bd5+ Bc6 25. c3 Rd8 26. Bxc6+ Qxc6 27. cxd4 Qd6 28. d5 Qe5 29. Re1 Rc8 30. Re2 a5 31. h3 c4 1/2-1/2

[Event "GBR-ch 50+ 106th"]
[Site "Torquay"]
[Date "2019.07.29"]
[Round "1"]
[White "Jackson, Oliver A"]
[Black "McMahon, Paul"]
[Result "1/2-1/2"]
[WhiteElo "2151"]
[BlackElo "1931"]
[PlyCount "63"]
[EventDate "2019.07.29"]
[EventType "swiss"]
[EventRounds "7"]
[EventCountry "ENG"]
[SourceTitle "EXT 2020"]
[Source "ChessBase"]
[SourceDate "2019.10.17"]
[SourceVersion "1"]
[SourceVersionDate "2019.10.17"]
[SourceQuality "1"]

1. e4 d5 2. exd5 Qxd5 3. Nc3 Qd6 4. d4 Nf6 5. Nf3 a6 6. Ne5 Nc6 7. Nxc6 Qxc6 8. Be2 e6 9. 0-0 Bd7 10. Bf4 Bd6 11. Bf3 Nd5 12. Bxd6 Qxd6 13. Ne4 Qb6 14. c4 Ne7 15. Re1 Rd8 16. c5 Qxb2 17. Rb1 Qxa2 18. Nc3 Qa5 19. Qc2 Bc6 20. Ra1 Qb4 21. Bxc6+ Nxc6 22. d5 Qxc5 23. dxc6 Qxc6 24. Re3 0-0 25. Rh3 f5 26. Re1 Rf6 27. Rhe3 Rg6 28. f3 Qc5 29. Kh1 Qc4 30. Qe2 Qxe2 31. Nxe2 Rd6 32. Nf4 1/2-1/2

[Event "EU-ch Seniors 65 19th"]
[Site "Rhodes"]
[Date "2019.04.11"]
[Round "6"]
[White "Jackson, Oliver A"]
[Black "Kiefer, Gerhard"]
[Result "1-0"]
[WhiteElo "2131"]
[BlackElo "2279"]
[PlyCount "67"]
[EventDate "2019.04.06"]
[EventType "swiss"]
[EventRounds "9"]
[EventCountry "GRE"]
[SourceTitle "CBM 189 Extra"]
[Source "ChessBase"]
[SourceDate "2019.05.31"]
[SourceVersion "1"]
[SourceVersionDate "2019.05.31"]
[SourceQuality "1"]

1. e4 c5 2. Nc3 e6 3. f4 a6 4. g3 Nc6 5. Bg2 d6 6. Nf3 Nf6 7. d3 Be7 8. 0-0 Qc7 9. Bd2 Rb8 10. h3 h5 11. Qe1 Nh7 12. f5 0-0 13. g4 hxg4 14. hxg4 Nd4 15. Qg3 Nxf3+ 16. Bxf3 Bg5 17. Bf4 Rd8 18. Kg2 Qe7 19. Rh1 Bxf4 20. Qxf4 Ng5 21. Rh5 f6 22. Rah1 Bd7 23. Qh2 Kf7 24. Rxg5 fxg5 25. Qh5+ Kg8 26. e5 exf5 27. Bd5+ Be6 28. Qh7+ Kf8 29. Qxf5+ Qf7 30. Bxe6 Qxf5 31. gxf5 dxe5 32. Nd5 Rxd5 33. Rh8+ Ke7 34. Rxb8 1-0

[Event "Benidorm op U2300 17th"]
[Site "Benidorm"]
[Date "2018.12.01"]
[Round "2"]
[White "Jemai, Akram"]
[Black "Jackson, Oliver A"]
[Result "1-0"]
[WhiteElo "2265"]
[BlackElo "2147"]
[PlyCount "78"]
[EventDate "2018.11.30"]
[EventType "swiss"]
[EventRounds "10"]
[EventCountry "ESP"]
[SourceTitle "EXT 2022"]
[Source "ChessBase"]
[SourceDate "2021.10.06"]
[SourceVersion "1"]
[SourceVersionDate "2021.10.06"]
[SourceQuality "1"]

1. e4 c5 2. Nf3 e6 3. c4 Nc6 4. Nc3 a6 5. Be2 Nf6 6. d4 cxd4 7. Nxd4 Qc7 8. Nc2 Bd6 9. Be3 Be5 10. Qd2 0-0 11. f3 d6 12. g4 Rb8 13. g5 Nd7 14. f4 Bxc3 15. Qxc3 Nc5 16. Bf3 Bd7 17. Rd1 f5 18. e5 Na4 19. exd6 Qd8 20. Qa3 e5 21. Bd5+ Kh8 22. h4 exf4 23. Bxf4 Re8+ 24. Kf1 Ne5 25. h5 b5 26. Qg3 Ng4 27. h6 gxh6 28. Rxh6 Re4 29. Bxe4 fxe4 30. Ne3 Qc8 31. b3 Nc5 32. Nxg4 Bxg4 33. Qc3+ Kg8 34. d7 Nxd7 35. g6 Nf8 36. gxh7+ Nxh7 37. Rg6+ Kf7 38. Qg7+ Ke8 39. Qxh7 Qd8 1-0

[Event "BCF-ch Seniors 65"]
[Site "Hull"]
[Date "2018.08.04"]
[Round "7"]
[White "McDonald, Ian1"]
[Black "Jackson, Oliver A"]
[Result "0-1"]
[WhiteElo "1726"]
[BlackElo "2143"]
[PlyCount "112"]
[EventDate "2018.07.29"]
[EventType "swiss"]
[EventRounds "7"]
[EventCountry "ENG"]
[SourceTitle "EXT 2021"]
[Source "ChessBase"]
[SourceDate "2020.10.23"]
[SourceVersion "1"]
[SourceVersionDate "2020.10.23"]
[SourceQuality "1"]

1. e4 c5 2. c3 Nf6 3. e5 Nd5 4. d4 cxd4 5. cxd4 e6 6. Nc3 Nxc3 7. bxc3 Qc7 8. Bd2 d6 9. Nf3 Nd7 10. exd6 Bxd6 11. Bd3 b6 12. Qe2 Nf6 13. h3 0-0 14. 0-0 Bb7 15. Ne5 Bxe5 16. dxe5 Nd7 17. f4 Nc5 18. Be3 Bd5 19. Rf2 Rac8 20. Bd4 Rfd8 21. f5 exf5 22. Bxf5 Be6 23. Be4 b5 24. Qe3 Nxe4 25. Qxe4 Qc4 26. a3 a5 27. Qe2 Qc6 28. Qe3 Rd7 29. Bb6 a4 30. Bd4 h6 31. Kh2 Bd5 32. Rb1 Re8 33. Qe2 Bc4 34. Qf3 Qg6 35. Rg1 Bd5 36. Qe2 Qc6 37. Rb1 Rb7 38. g3 Re6 39. Rg1 Qe8 40. g4 Qe7 41. Qb2 Rg6 42. Rf4 Qd7 43. Qf2 Be6 44. Qf3 Rb8 45. Qe3 Rc8 46. Rf3 Qd5 47. Rf2 Re8 48. Qc1 Rg5 49. Rf4 Qd8 50. Qe3 Qe7 51. Bc5 Qb7 52. Bd4 Bd5 53. h4 Rg6 54. g5 Qe7 55. gxh6 Rxh6 56. Bc5 Rxh4+ 0-1